Sports Quiz

Random Sports or Alphabet Quiz

MLB Teams Alphabet Mine Soup Quiz Stats

 Plays Quiz Updated Apr 10, 2019

Support Sporcle.
Go Orange.
Score 0/31 Timer 00:45
7 Plays Today
% Correct
???
94.4%
???
85.8%
???
84.3%
???
84.2%
???
84%
???
78.4%
???
78.3%
???
78.1%
???
66.5%
???
66%
???
65.8%
???
65.5%
???
65.3%
???
57.3%
???
57.1%
???
57%
% Correct
???
56.2%
???
56.2%
???
56%
???
55.9%
???
55.7%
???
51.8%
???
48.8%
???
48.7%
???
48.6%
???
48.5%
???
48.4%
???
48.3%
???
48.2%
???
27%
???
20%

You're not logged in!

Compare scores with friends on all Sporcle quizzes.
OR
Log In

From the Vault

Kyrgyzstan's Borders

by Treverbeast454

On August 31, 1991 Kyrgyzstan became an independent nation. In honor of that day, and the country which challenges the spelling skills of Sporclers everywhere, we bring you this quiz.
Remove Ads.
Support Sporcle.
Get the best of Sporcle when you Go Orange. This ad-free experience offers more features, more stats, and more fun while also helping to support Sporcle. Thank you for becoming a member.

Show Comments

Extras

Top Quizzes Today


Score Distribution

Your Account Isn't Verified!

In order to create a playlist on Sporcle, you need to verify the email address you used during registration. Go to your Sporcle Settings to finish the process.

Report this User

Report this user for behavior that violates our Community Guidelines.

Details: